[Event "4NCL/Div2/WIT-BA2"]
[Site "Rd2-Birmingham"]
[Date "1999.10.10"]
[Round "2.5"]
[White "Dickinson, Tim"]
[Black "Sands, David"]
[Result "0-1"]
[WhiteElo "2170"]
[BlackElo "2258"]
[PlyCount "102"]
[EventDate "1999.10.10"]
[Source "Britbase"]
[SourceDate "2000.01.01"]

1. e4 c5 2. Ne2 Nf6 3. Nbc3 d5 4. e5 Nfd7 5. f4 e6 6. d4 Nc6 7. Be3 a6 8. dxc5
Bxc5 9. Nd4 O-O 10. Be2 Nxd4 11. Bxd4 b5 12. Bxc5 Nxc5 13. Qd4 Qc7 14. O-O Nd7
15. Bd3 Rb8 16. Rae1 b4 17. Na4 Re8 18. Rf3 a5 19. b3 Bb7 20. Rg3 g6 21. h4 Bc6
22. h5 Bxa4 23. bxa4 Qc5 24. Qxc5 Nxc5 25. Bb5 Rec8 26. a3 Ne4 27. Rb3 bxa3 28.
Rxa3 Rxc2 29. hxg6 hxg6 30. Ree3 Kg7 31. Rh3 Rbc8 32. Rab3 Rc1+ 33. Kh2 Ra1 34.
Ra3 Rxa3 35. Rxa3 Rc2 36. Kh3 Rf2 37. g3 Rb2 38. Kg4 Rb4 39. Kf3 Nd2+ 40. Kg4
Ne4 41. Kf3 Rb2 42. Bd3 Nc5 43. Ke3 Nxd3 44. Rxd3 Rb4 45. Rd4 Rb3+ 46. Rd3
Rxd3+ 47. Kxd3 g5 48. Kd4 gxf4 49. gxf4 Kg6 50. Kc5 Kf5 51. Kb5 d4 0-1

[Event "4NCL/Div2/WIT-BA2"]
[Site "Rd2-Birmingham"]
[Date "1999.10.10"]
[Round "2.7"]
[White "Elliott, Sean"]
[Black "D'Costa, Lorin"]
[Result "0-1"]
[WhiteElo "2000"]
[BlackElo "2215"]
[PlyCount "68"]
[EventDate "1999.10.10"]
[Source "Britbase"]
[SourceDate "2000.01.01"]

1. e4 c5 2. Nf3 d6 3. d4 cxd4 4. Nxd4 Nf6 5. Nc3 Nc6 6. Bg5 e6 7. Qd2 Be7 8.
O-O-O O-O 9. Nb3 Qb6 10. f3 Rd8 11. Kb1 Qc7 12. Bxf6 Bxf6 13. g4 g6 14. h4 a6
15. g5 Bg7 16. h5 b5 17. hxg6 hxg6 18. f4 b4 19. Na4 Rb8 20. Qh2 Ne7 21. Bd3
Kf8 22. Rdf1 Qc6 23. f5 exf5 24. Nac5 Be5 25. Qh6+ Bg7 26. Qh2 a5 27. exf5 Bxf5
28. Bxf5 Nxf5 29. Nd3 a4 30. Nd2 a3 31. Nf4 Rdc8 32. Nb3 axb2 33. Nxg6+ fxg6
34. Nd4 Bxd4 0-1

[Event "4NCL/Div2/WIT-BA2"]
[Site "Rd2-Birmingham"]
[Date "1999.10.10"]
[Round "2.8"]
[White "Kieran, Rosalind"]
[Black "Smith, Lucy"]
[Result "1-0"]
[WhiteElo "2079"]
[BlackElo "1680"]
[PlyCount "87"]
[EventDate "1999.10.10"]
[Source "Britbase"]
[SourceDate "2000.01.01"]

1. e4 c5 2. Nf3 d6 3. d4 cxd4 4. Nxd4 Nf6 5. Nc3 e5 6. Nb3 Be7 7. Be2 O-O 8.
Be3 Be6 9. Qd2 a6 10. O-O-O b5 11. f3 Bxb3 12. cxb3 Qc7 13. Kb1 Nbd7 14. g4 b4
15. Nd5 Nxd5 16. exd5 Qb7 17. h4 a5 18. g5 Rfc8 19. Bd3 Nc5 20. Bf5 Rc7 21. Rc1
Nd7 22. h5 Rxc1+ 23. Qxc1 Nf8 24. Qc2 Rb8 25. Be4 g6 26. f4 exf4 27. Bxf4 Qd7
28. Qe2 Bd8 29. Qf3 Rb7 30. Qe3 Bb6 31. Qg3 Bc7 32. h6 Qd8 33. Rc1 Rb6 34. Qe3
Qe7 35. Qd4 f5 36. gxf6 Qf7 37. Be3 Rb7 38. Bd3 Bd8 39. Bg5 Rd7 40. Bb5 Rb7 41.
Ba6 Rc7 42. Rc6 Rxc6 43. dxc6 d5 44. Bc4 1-0

[Event "4NCL/Div2/BIG2-KH"]
[Site "Rd3-Birmingham"]
[Date "1999.11.20"]
[Round "3.1"]
[White "Mason, Don"]
[Black "Jossien, Arnaud"]
[Result "1/2-1/2"]
[WhiteElo "2284"]
[BlackElo "2314"]
[PlyCount "45"]
[EventDate "1999.11.20"]
[Source "Britbase"]
[SourceDate "2000.01.01"]

1. e4 d6 2. d4 Nf6 3. Nc3 e5 4. Nf3 Nbd7 5. Be2 Be7 6. O-O O-O 7. Re1 c6 8. a4
b6 9. Bf1 a6 10. Rb1 Bb7 11. b4 Qc7 12. Bb2 Rfe8 13. g3 exd4 14. Nxd4 d5 15.
exd5 cxd5 16. b5 a5 17. Nc6 Bxc6 18. bxc6 Qxc6 19. Bg2 Bb4 20. Rxe8+ Rxe8 21.
Nxd5 Nxd5 22. Bxd5 Qg6 23. Qd3 1/2-1/2

[Event "4NCL/Div2/BIG2-KH"]
[Site "Rd3-Birmingham"]
[Date "1999.11.20"]
[Round "3.2"]
[White "Thomas, Richard"]
[Black "Naylor, John"]
[Result "1-0"]
[WhiteElo "2265"]
[BlackElo "2233"]
[PlyCount "95"]
[EventDate "1999.11.20"]
[Source "Britbase"]
[SourceDate "2000.01.01"]

1. d4 d5 2. Nf3 Nf6 3. c4 c6 4. Nc3 dxc4 5. a4 Bf5 6. e3 e6 7. Bxc4 Bb4 8. O-O
O-O 9. Nh4 Bg4 10. f3 Bh5 11. g4 Bg6 12. Nxg6 hxg6 13. e4 Nbd7 14. g5 Nh7 15.
f4 c5 16. Na2 a5 17. Nxb4 axb4 18. Be3 cxd4 19. Qxd4 e5 20. fxe5 Qe7 21. Qd6
Rae8 22. Rad1 Qxd6 23. Rxd6 Nxe5 24. Bd5 Ra8 25. b3 Ra6 26. Rxa6 bxa6 27. h4
Re8 28. Bd4 Nf8 29. Bc5 Nfd7 30. Bxb4 Nb6 31. Bd6 Nxd5 32. exd5 Ng4 33. Bc7 Re3
34. Rd1 Rxb3 35. Bf4 Rb7 36. d6 Rd7 37. Rc1 f6 38. Rc7 Rd8 39. Ra7 Ne5 40. Bxe5
fxe5 41. Rxa6 Kf7 42. Kf2 Ke6 43. d7+ Kd5 44. Ra7 Kc6 45. a5 Rf8+ 46. Ke3 Kd6
47. a6 Ke7 48. d8=Q+ 1-0

[Event "4NCL/Div2/BIG2-KH"]
[Site "Rd3-Birmingham"]
[Date "1999.11.20"]
[Round "3.3"]
[White "Barnes, Michael"]
[Black "McMichael, Rick"]
[Result "1/2-1/2"]
[WhiteElo "2245"]
[BlackElo "2261"]
[PlyCount "66"]
[EventDate "1999.11.20"]
[Source "Britbase"]
[SourceDate "2000.01.01"]

1. e4 e6 2. Nf3 d5 3. Nc3 Nf6 4. e5 Nfd7 5. d4 b6 6. Bf4 Be7 7. h4 c5 8. Bb5
Ba6 9. a4 Bxb5 10. axb5 a5 11. Ne2 Nf8 12. h5 h6 13. Qd2 Nh7 14. g4 c4 15. Rg1
Nd7 16. Kf1 Ndf8 17. Nc3 Qd7 18. Rg3 Bb4 19. Bxh6 gxh6 20. Qxh6 Bxc3 21. bxc3
Rg8 22. g5 O-O-O 23. g6 fxg6 24. hxg6 Nxg6 25. Rxg6 Rxg6 26. Qxg6 Nf8 27. Qf6
Qxb5 28. Ng5 Qb2 29. Re1 Nd7 30. Qxe6 Qxc2 31. Qc6+ Kb8 32. Qd6+ Kc8 33. Qc6+
Kb8 1/2-1/2

[Event "4NCL/Div2/BIG2-KH"]
[Site "Rd3-Birmingham"]
[Date "1999.11.20"]
[Round "3.4"]
[White "Okike, David"]
[Black "Georghiou, Paul"]
[Result "0-1"]
[WhiteElo "2170"]
[BlackElo "2243"]
[PlyCount "140"]
[EventDate "1999.11.20"]
[Source "Britbase"]
[SourceDate "2000.01.01"]

1. e4 c6 2. d4 d5 3. Nc3 dxe4 4. Nxe4 Bf5 5. Ng3 Bg6 6. Nf3 Nf6 7. Bc4 e6 8.
Qe2 Nbd7 9. Bg5 Qc7 10. Ne5 Bd6 11. Nxg6 hxg6 12. O-O-O Bf4+ 13. Bxf4 Qxf4+ 14.
Kb1 O-O-O 15. h3 Nb6 16. Bd3 Rxd4 17. Qe1 Rd7 18. Ne2 Qc7 19. g3 Rhd8 20. a3
Nfd5 21. Nc1 c5 22. c4 Ne7 23. Qc3 Nf5 24. b3 Nd4 25. Rde1 Rd6 26. f4 Nd7 27.
Rhf1 Nf6 28. Ka2 Kb8 29. Rf2 Qc6 30. Bb1 Rh8 31. g4 Qd7 32. Re5 Nc6 33. Re3 Rd4
34. Nd3 b6 35. Ne5 Qc7 36. Bc2 Rhd8 37. Kb2 Ne8 38. Re1 Nd6 39. Qf3 Rc8 40. Kc1
a5 41. a4 Nb4 42. Bb1 Rd8 43. Ree2 Qb7 44. Qxb7+ Kxb7 45. Rd2 Rxd2 46. Rxd2 Kc7
47. Kd1 Nc6 48. Ke1 Nd4 49. Rd3 Rh8 50. Re3 Rf8 51. Kd2 Nc8 52. Kc3 Ne7 53. Bd3
Nec6 54. Bb1 Nxe5 55. Rxe5 Kd6 56. Bd3 Rh8 57. Re3 Rh6 58. Bb1 Ke7 59. Be4 Rh8
60. Bd3 Kf6 61. Bf1 g5 62. fxg5+ Kxg5 63. Re4 g6 64. Rxd4 cxd4+ 65. Kxd4 Kf4
66. c5 e5+ 67. Kc4 bxc5 68. Kxc5 e4 69. b4 axb4 70. Kxb4 e3 0-1

[Event "4NCL/Div2/BIG2-KH"]
[Site "Rd3-Birmingham"]
[Date "1999.11.20"]
[Round "3.5"]
[White "Thomas, Nick"]
[Black "O'Shaughnessy, Conor"]
[Result "0-1"]
[WhiteElo "2215"]
[BlackElo "2195"]
[PlyCount "154"]
[EventDate "1999.11.20"]
[Source "Britbase"]
[SourceDate "2000.01.01"]

1. e4 c5 2. Nc3 Nc6 3. g3 g6 4. Bg2 Bg7 5. d3 e6 6. Be3 d6 7. Qd2 Rb8 8. Nge2
b6 9. O-O Bb7 10. Rae1 Nge7 11. Bh6 O-O 12. Bxg7 Kxg7 13. Nd1 d5 14. Ne3 dxe4
15. Qc3+ Nd4 16. dxe4 Kg8 17. Ng4 f5 18. Ne5 fxe4 19. Nxd4 cxd4 20. Qc4 Qd6 21.
Bxe4 Rfc8 22. Qa4 Nf5 23. Qd7 Qxd7 24. Nxd7 Bxe4 25. Rxe4 Rb7 26. Nf6+ Kg7 27.
Rxe6 Re7 28. Rxe7+ Nxe7 29. Ne4 Rxc2 30. b4 Nd5 31. Rd1 Nc3 32. Nxc3 dxc3 33.
Rd3 Kf6 34. Kg2 Ke5 35. Kf3 Rc1 36. Ke2 h5 37. h4 Rc2+ 38. Ke3 Rc1 39. Ke2 Kf5
40. f3 Rc2+ 41. Ke3 Rc1 42. Rd5+ Ke6 43. Rd4 c2 44. Rc4 Re1+ 45. Kd2 Rf1 46.
Kxc2 Rxf3 47. Rc7 Rxg3 48. Rxa7 Kd5 49. Rb7 Kc6 50. Rf7 Kb5 51. Rf6 Rg4 52. Kc3
Rc4+ 53. Kd3 Rxb4 54. Rxg6 Rxh4 55. a4+ Rxa4 56. Rg5+ Kb4 57. Rxh5 Ra2 58. Rh1
Rb2 59. Rh4+ Ka3 60. Rh7 b5 61. Ra7+ Kb3 62. Rb7 b4 63. Rb8 Rh2 64. Rb7 Ka3 65.
Rb8 b3 66. Kc3 Rh3+ 67. Kd2 Ka2 68. Kc1 Rh1+ 69. Kd2 b2 70. Ra8+ Kb1 71. Rg8
Rh5 72. Ra8 Rd5+ 73. Ke1 Kc2 74. Rc8+ Kb3 75. Rb8+ Kc3 76. Rb7 Rh5 77. Ke2 Rh1
0-1

[Event "4NCL/Div2/BIG2-KH"]
[Site "Rd3-Birmingham"]
[Date "1999.11.20"]
[Round "3.6"]
[White "Mackenzie, Colin"]
[Black "Hadzimanolis, Antonios"]
[Result "1-0"]
[WhiteElo "2138"]
[BlackElo "2198"]
[PlyCount "113"]
[EventDate "1999.11.20"]
[Source "Britbase"]
[SourceDate "2000.01.01"]

1. Nf3 Nf6 2. c4 c5 3. Nc3 g6 4. d4 cxd4 5. Nxd4 Nc6 6. e4 d6 7. Be2 Bg7 8. Be3
O-O 9. O-O Nxd4 10. Bxd4 Be6 11. Rc1 Qa5 12. Nd5 Bxd5 13. exd5 Nd7 14. a3 Bxd4
15. Qxd4 Qb6 16. Qc3 a5 17. b3 Rfc8 18. Rfe1 Rc7 19. Bf1 Ne5 20. Qe3 Qxe3 21.
Rxe3 Kf8 22. Rce1 g5 23. a4 h6 24. Bd3 Kg7 25. f3 e6 26. dxe6 fxe6 27. h4 Rf8
28. hxg5 hxg5 29. Rxe5 dxe5 30. Rxe5 Kf6 31. Rxa5 Rd8 32. Be4 Rd2 33. Rb5 Rb2
34. Rxb7 Rxb7 35. Bxb7 Rxb3 36. Bc6 Ke5 37. Bb5 Kf4 38. Kh2 g4 39. fxg4 e5 40.
c5 Rc3 41. c6 Rc5 42. g5 Kxg5 43. Kg3 Rc3+ 44. Kf2 Kf4 45. a5 Rc5 46. a6 Rc2+
47. Ke1 Ke3 48. Kd1 Rd2+ 49. Kc1 Rd8 50. Kb2 Kd4 51. c7 Rc8 52. a7 e4 53. Ba6
e3 54. Bxc8 e2 55. a8=Q e1=Q 56. Qa7+ Ke5 57. Qc5+ 1-0

[Event "4NCL/Div2/BIG2-KH"]
[Site "Rd3-Birmingham"]
[Date "1999.11.20"]
[Round "3.7"]
[White "Evans, Raymond"]
[Black "Compton, Alistair"]
[Result "0-1"]
[WhiteElo "2176"]
[BlackElo "2093"]
[PlyCount "80"]
[EventDate "1999.11.20"]
[Source "Britbase"]
[SourceDate "2000.01.01"]

1. e4 e6 2. d4 d5 3. Nc3 Nf6 4. Bg5 Bb4 5. e5 h6 6. Bd2 Bxc3 7. bxc3 Ne4 8. Qg4
g6 9. Bd3 Bd7 10. Nf3 Nxd2 11. Kxd2 c5 12. Rhb1 Qc7 13. Qh4 Nc6 14. Qf6 Rg8 15.
dxc5 Na5 16. Nd4 Qxc5 17. Nb5 Bxb5 18. Rxb5 Qc7 19. Rab1 b6 20. Bxg6 Nc4+ 21.
Kd1 Qe7 22. Bd3 Qxf6 23. exf6 Na3 24. R1b4 Rxg2 25. Rh4 Nxb5 26. Bxb5+ Kd8 27.
Rxh6 Kc7 28. Ke2 Rgg8 29. Rh7 Raf8 30. c4 Kd6 31. cxd5 exd5 32. c4 Rh8 33. Rg7
Rxh2 34. cxd5 Kxd5 35. Rg4 Ke5 36. Rc4 Kxf6 37. Rc7 Rh5 38. Ba4 Re5+ 39. Kf3 a5
40. Bb3 b5 0-1

[Event "4NCL/Div2/BIG2-KH"]
[Site "Rd3-Birmingham"]
[Date "1999.11.20"]
[Round "3.8"]
[White "Kelly, Alexandra"]
[Black "Howard, Marieanne"]
[Result "1-0"]
[WhiteElo "1576"]
[BlackElo "1536"]
[PlyCount "37"]
[EventDate "1999.11.20"]
[Source "Britbase"]
[SourceDate "2000.01.01"]

1. e4 e6 2. d4 d5 3. exd5 exd5 4. Nc3 c6 5. Nf3 Bg4 6. Bd3 Bd6 7. O-O Qc7 8. h3
Bh5 9. Re1+ Ne7 10. Qe2 Nd7 11. Bg5 f6 12. Bf4 Bxf3 13. Qxe7+ Bxe7 14. Bxc7 Be4
15. Nxe4 dxe4 16. Rxe4 Kf8 17. Rae1 Bb4 18. c3 Ba5 19. Bd6+ 1-0

[Event "4NCL/Div2/BR2-BARB2"]
[Site "Rd3-Birmingham"]
[Date "1999.11.20"]
[Round "3.1"]
[White "Beaumont, Chris"]
[Black "Pritchett, Craig"]
[Result "1-0"]
[WhiteElo "2295"]
[BlackElo "2313"]
[PlyCount "63"]
[EventDate "1999.11.20"]
[Source "Britbase"]
[SourceDate "2000.01.01"]

1. d4 Nf6 2. Nf3 e6 3. e3 c5 4. Bd3 Nc6 5. O-O Qc7 6. c4 Nb4 7. Be2 b6 8. a3
Nc6 9. d5 exd5 10. cxd5 Ne5 11. Nc3 Nxf3+ 12. Bxf3 d6 13. e4 Nd7 14. Bf4 a6 15.
Qa4 Ra7 16. e5 b5 17. exd6 Bxd6 18. Bxd6 Qxd6 19. Nxb5 axb5 20. Qxa7 O-O 21.
Be2 Qxd5 22. Rad1 Qe5 23. Bxb5 Nf6 24. Rfe1 Qxb2 25. Qxc5 Be6 26. a4 h6 27. h3
Rc8 28. Qe7 Qc3 29. Rd8+ Kh7 30. Bd3+ g6 31. Rxe6 Rxd8 32. Rxf6 1-0

[Event "4NCL/Div2/BR2-BARB2"]
[Site "Rd3-Birmingham"]
[Date "1999.11.20"]
[Round "3.2"]
[White "Palliser, Richard"]
[Black "Buckley, Simon"]
[Result "1-0"]
[WhiteElo "2253"]
[BlackElo "2216"]
[PlyCount "69"]
[EventDate "1999.11.20"]
[Source "Britbase"]
[SourceDate "2000.01.01"]

1. c4 Nf6 2. Nc3 g6 3. e4 d6 4. d4 Bg7 5. Nf3 O-O 6. Be2 e5 7. d5 Na6 8. O-O
Nd7 9. Rb1 f5 10. b4 Nf6 11. Nd2 Bh6 12. c5 Bxd2 13. Bxd2 f4 14. c6 b6 15. g3
g5 16. gxf4 gxf4 17. Kh1 Kh8 18. Rg1 Qe8 19. a4 Rg8 20. Rxg8+ Qxg8 21. Qf1 Qg6
22. f3 Qh5 23. Qf2 Qh3 24. Be1 Kg7 25. Bf1 Qh5 26. Be2 Kf7 27. Qh4 Qxh4 28.
Bxh4 Ne8 29. Kg1 Nb8 30. Kf2 Ba6 31. b5 Bc8 32. a5 bxa5 33. Ra1 Nf6 34. Rxa5
Ng8 35. Bd8 1-0

[Event "4NCL/Div2/BR2-BARB2"]
[Site "Rd3-Birmingham"]
[Date "1999.11.20"]
[Round "3.3"]
[White "Jakubovics, Nick"]
[Black "Duncan, Chris"]
[Result "0-1"]
[WhiteElo "2238"]
[BlackElo "2297"]
[PlyCount "63"]
[EventDate "1999.11.20"]
[Source "Britbase"]
[SourceDate "2000.01.01"]

1. e4 c5 2. Nf3 d6 3. d4 cxd4 4. Nxd4 Nf6 5. Nc3 g6 6. Be2 Bg7 7. Be3 O-O 8. h4
Nc6 9. h5 d5 10. Nxc6 bxc6 11. e5 Ne4 12. Nxe4 dxe4 13. Bd4 Qd5 14. Qd2 Rd8 15.
Rd1 Bf5 16. Qe3 Qe6 17. h6 Bxe5 18. O-O Rd7 19. Bxe5 Qxe5 20. Rxd7 Bxd7 21. Rd1
Be8 22. Rd4 f5 23. Bc4+ Bf7 24. Bxf7+ Kxf7 25. Qb3+ Kf6 26. Rc4 c5 27. Qb7 Rd8
28. Kf1 Qd6 29. g3 Qd1+ 30. Kg2 Qf3+ 31. Kh2 Qxf2+ 32. Kh3 0-1

[Event "4NCL/Div2/BR2-BARB2"]
[Site "Rd3-Birmingham"]
[Date "1999.11.20"]
[Round "3.4"]
[White "Mack, Andrew"]
[Black "Mordue, Tyson"]
[Result "0-1"]
[WhiteElo "2280"]
[BlackElo "2265"]
[PlyCount "56"]
[EventDate "1999.11.20"]
[Source "Britbase"]
[SourceDate "2000.01.01"]

1. e4 c5 2. Nf3 d6 3. d4 cxd4 4. Qxd4 Bd7 5. c4 Nc6 6. Qd2 g6 7. Be2 Bg7 8. O-O
Nh6 9. Na3 f5 10. exf5 Nxf5 11. Ng5 Ncd4 12. Bd3 h6 13. Ne4 Bc6 14. Nc2 Qd7 15.
Ng3 Nh4 16. Nxd4 Bxg2 17. Bxg6+ Nxg6 18. Re1 Bh3 19. Qc2 Ne5 20. Bf4 O-O-O 21.
c5 Kb8 22. cxd6 exd6 23. Rad1 h5 24. Re3 Qg4 25. Re4 Nf3+ 26. Kh1 Nxd4 27.
Bxd6+ Rxd6 28. Rxg4 Nxc2 0-1

[Event "4NCL/Div2/BR2-BARB2"]
[Site "Rd3-Birmingham"]
[Date "1999.11.20"]
[Round "3.5"]
[White "Rudd, Jack"]
[Black "Twyble, Michael"]
[Result "0-1"]
[WhiteElo "2185"]
[BlackElo "2214"]
[PlyCount "84"]
[EventDate "1999.11.20"]
[Source "Britbase"]
[SourceDate "2000.01.01"]

1. e4 c5 2. Nf3 d6 3. d4 cxd4 4. Nxd4 Nf6 5. Nc3 a6 6. Bg5 e6 7. f4 Bd7 8. Qf3
Nc6 9. O-O-O Nxd4 10. Rxd4 Bc6 11. Bc4 b5 12. Bb3 a5 13. a4 bxa4 14. Bxa4 Bxa4
15. Rxa4 Qb8 16. e5 Nd7 17. Rd1 Ra6 18. Rad4 h6 19. Bh4 g5 20. fxg5 Nxe5 21.
Qe2 Rb6 22. Bg3 Be7 23. h4 hxg5 24. h5 f5 25. Bxe5 dxe5 26. Rd7 g4 27. b3 Ba3+
28. Kb1 Rxb3+ 29. cxb3 Qxb3+ 30. Ka1 Qxc3+ 31. Ka2 Be7 32. Rb7 Qa3+ 33. Kb1 O-O
34. Qc4 Rf6 35. Rdd7 Bf8 36. Rd8 Qe3 37. Rbb8 Qg1+ 38. Ka2 Qxg2+ 39. Kb3 Qf3+
40. Ka4 Qf4 41. Qxf4 exf4 42. h6 f3 0-1

[Event "4NCL/Div2/BR2-BARB2"]
[Site "Rd3-Birmingham"]
[Date "1999.11.20"]
[Round "3.6"]
[White "D'Costa, Lorin"]
[Black "Easton, Alex"]
[Result "1/2-1/2"]
[WhiteElo "2215"]
[BlackElo "2165"]
[PlyCount "81"]
[EventDate "1999.11.20"]
[Source "Britbase"]
[SourceDate "2000.01.01"]

1. d4 Nf6 2. Bg5 d5 3. Bxf6 exf6 4. e3 Be6 5. Bd3 f5 6. Ne2 Nd7 7. Nd2 c6 8.
O-O Bd6 9. c4 O-O 10. cxd5 cxd5 11. Qb3 Qb6 12. Rfc1 Rac8 13. Qxb6 Nxb6 14. g3
Rxc1+ 15. Rxc1 Rc8 16. Rxc8+ Nxc8 17. Nc3 Ne7 18. Nb3 b6 19. a3 g5 20. f4 f6
21. Kf2 Kf7 22. Nc1 Bd7 23. Bb1 Bc6 24. Nd3 Ke6 25. Ba2 h6 26. b4 Bb8 27. Bb3
Bc7 28. b5 Bb7 29. Nb4 Bd6 30. Nca2 Kd7 31. Ke2 Bxb4 32. Nxb4 Kd6 33. Kd3 Bc8
34. Kc3 Bd7 35. a4 Be8 36. Nd3 Bh5 37. Kb4 Bf3 38. a5 Be4 39. Nb2 Bf3 40. Na4
Kc7 41. Nc3 1/2-1/2

[Event "4NCL/Div2/BR2-BARB2"]
[Site "Rd3-Birmingham"]
[Date "1999.11.20"]
[Round "3.7"]
[White "Grossett, Duncan"]
[Black "Sands, David"]
[Result "0-1"]
[WhiteElo "2080"]
[BlackElo "2258"]
[PlyCount "104"]
[EventDate "1999.11.20"]
[Source "Britbase"]
[SourceDate "2000.01.01"]

1. e4 c5 2. Nc3 Nc6 3. Bb5 Nd4 4. Nf3 Nxb5 5. Nxb5 a6 6. Nc3 d6 7. d3 Nf6 8.
Bg5 e6 9. O-O Be7 10. a4 b6 11. Qe2 O-O 12. Nd2 Bb7 13. f4 h6 14. Bxf6 Bxf6 15.
Nf3 Rb8 16. Kh1 Ba8 17. e5 Be7 18. Ne4 dxe5 19. fxe5 Qc7 20. Ng3 b5 21. axb5
axb5 22. Nh5 c4 23. d4 c3 24. b3 Qc6 25. Nf4 Qe4 26. Qxe4 Bxe4 27. Ra7 Rfe8 28.
Ne1 Ra8 29. Rc7 Rac8 30. Ra7 Bd8 31. Nfd3 Re7 32. Rxe7 Bxe7 33. Rf4 Bg6 34. h4
Ra8 35. g3 Ra1 36. Kg2 Rd1 37. Rf1 Bd8 38. Kf2 Bb6 39. Ke2 Ra1 40. Ke3 Bxd3 41.
Kxd3 Rd1+ 42. Ke2 Rd2+ 43. Kf3 Bxd4 44. Kf4 Bb6 45. Rf3 Re2 46. Nd3 Rxc2 47.
Nb4 Rd2 48. Nc6 b4 49. Rf1 Bc5 50. Ra1 c2 51. Rc1 Re2 52. Kf3 Re3+ 0-1

[Event "4NCL/Div2/BR2-BARB2"]
[Site "Rd3-Birmingham"]
[Date "1999.11.20"]
[Round "3.8"]
[White "Lang, Heather"]
[Black "Tidman, Sophie"]
[Result "1-0"]
[WhiteElo "2066"]
[BlackElo "2073"]
[PlyCount "79"]
[EventDate "1999.11.20"]
[Source "Britbase"]
[SourceDate "2000.01.01"]

1. e4 e6 2. Nc3 d5 3. d4 Bb4 4. e5 c5 5. Qg4 Ne7 6. a3 Bxc3+ 7. bxc3 Qc7 8. Bd2
Nbc6 9. Nf3 Bd7 10. Bd3 c4 11. Be2 O-O-O 12. O-O Rdg8 13. Ng5 f5 14. Qg3 Nd8
15. a4 h6 16. Nh3 g5 17. f4 gxf4 18. Qxf4 Nf7 19. Qf2 Ng5 20. Bxg5 hxg5 21. Qe1
Rg7 22. Rf2 Rgh7 23. Nxg5 Rxh2 24. Nh3 R8xh3 25. gxh3 Rxh3 26. Rh2 Rxh2 27.
Kxh2 Be8 28. Qh4 Ng6 29. Qh6 Qe7 30. Rg1 Nf8 31. Rg7 Bf7 32. Kg2 Qe8 33. Qf6
Nd7 34. Qxf7 Qxf7 35. Rxf7 Nb6 36. a5 Na4 37. Re7 Nxc3 38. Kf2 Nb5 39. Rxe6
Nxd4 40. Rd6 1-0

[Event "4NCL/Div2/GD-IKHH2"]
[Site "Rd3-Birmingham"]
[Date "1999.11.20"]
[Round "3.1"]
[White "Jones, Iolo"]
[Black "Farndon, David"]
[Result "1-0"]
[WhiteElo "2269"]
[BlackElo "2236"]
[PlyCount "109"]
[EventDate "1999.11.20"]
[Source "Britbase"]
[SourceDate "2000.01.01"]

1. d4 d5 2. Nf3 Nf6 3. Bg5 Ne4 4. Bf4 Bf5 5. e3 e6 6. Nbd2 Be7 7. Nxe4 Bxe4 8.
Bd3 Bxd3 9. Qxd3 O-O 10. O-O Nd7 11. e4 dxe4 12. Qxe4 c6 13. Rfe1 Nf6 14. Qe2
Qb6 15. c3 c5 16. Rad1 Rfd8 17. dxc5 Bxc5 18. Bg5 Rxd1 19. Rxd1 Be7 20. Ne5 Rd8
21. Bxf6 Bxf6 22. Nd7 Qc7 23. Nxf6+ gxf6 24. h3 Rxd1+ 25. Qxd1 b6 26. Qg4+ Kf8
27. Qe4 f5 28. Qd4 Kg8 29. g3 Qe7 30. h4 e5 31. Qd1 Qe6 32. b3 Kg7 33. Qd8 h6
34. Qd3 Qf6 35. Qf3 Qe6 36. c4 Kg6 37. Qa8 a5 38. Qg8+ Kf6 39. Qd8+ Kg7 40. c5
bxc5 41. Qxa5 Qd5 42. Qc3 f6 43. Qc2 f4 44. gxf4 exf4 45. Qe2 f3 46. Qe7+ Kg6
47. Kh2 h5 48. Kg3 c4 49. Qe3 Qf5 50. Qxf3 Qe5+ 51. Kg2 c3 52. Qd3+ f5 53. Kf1
Kf6 54. Qa6+ Ke7 55. Qe2 1-0

[Event "4NCL/Div2/GD-IKHH2"]
[Site "Rd3-Birmingham"]
[Date "1999.11.20"]
[Round "3.3"]
[White "Saunders, W Nigel"]
[Black "Cooper, Andrew G"]
[Result "1/2-1/2"]
[WhiteElo "2150"]
[BlackElo "2151"]
[PlyCount "149"]
[EventDate "1999.11.20"]
[Source "Britbase"]
[SourceDate "2000.01.01"]

1. Nf3 e6 2. d4 Nf6 3. Bg5 c5 4. e3 b6 5. Nbd2 Bb7 6. Bd3 Be7 7. O-O d5 8. Ne5
O-O 9. f4 Ne4 10. Bxe7 Qxe7 11. c3 Nxd2 12. Qxd2 Ba6 13. Rf3 Bxd3 14. Qxd3 Nd7
15. Rh3 f5 16. g4 Nxe5 17. dxe5 g6 18. gxf5 Rxf5 19. Rf1 Raf8 20. Rf2 R8f7 21.
Rg3 Qh4 22. Qb5 d4 23. cxd4 cxd4 24. Qe8+ Kg7 25. Qxe6 dxe3 26. Rxe3 Rxf4 27.
Rxf4 Qxf4 28. Qh3 Qf2+ 29. Kh1 Rc7 30. Rc3 Qe1+ 31. Kg2 Rf7 32. Qe3 Qd1 33. Rc1
Qd5+ 34. Kg3 Re7 35. Re1 Qxa2 36. Qc3 Qe6 37. Re4 h6 38. h4 Qf5 39. e6+ Qf6 40.
Re5 Kh7 41. Qe3 h5 42. Qd4 Kg7 43. Qd6 Re8 44. Qc7+ Qe7 45. Qc3 Qd6 46. Kh3 Kh7
47. Qe3 Re7 48. Qf4 Qd3+ 49. Re3 Qf5+ 50. Qxf5 gxf5 51. Kg3 Kg6 52. Kf4 Kf6 53.
Re5 Rxe6 54. Rxf5+ Kg6 55. Rg5+ Kh6 56. Rd5 Rc6 57. Kg3 Rc2 58. Rd6+ Kg7 59.
Rd7+ Kf6 60. Rxa7 Rxb2 61. Rh7 Rb3+ 62. Kf4 Rb4+ 63. Kf3 Kg6 64. Rb7 b5 65. Kg3
Rg4+ 66. Kh3 Rb4 67. Kg3 Rb1 68. Kf4 Rf1+ 69. Ke4 Re1+ 70. Kf4 Rb1 71. Rb6+ Kf7
72. Kg5 b4 73. Kxh5 b3 74. Kh6 b2 75. h5 1/2-1/2

[Event "4NCL/Div2/GD-IKHH2"]
[Site "Rd3-Birmingham"]
[Date "1999.11.20"]
[Round "3.4"]
[White "Howell, Chris"]
[Black "Walden-Jones, Andrew"]
[Result "1/2-1/2"]
[WhiteElo "2160"]
[BlackElo "2159"]
[PlyCount "141"]
[EventDate "1999.11.20"]
[Source "Britbase"]
[SourceDate "2000.01.01"]

1. e4 g6 2. d4 Nf6 3. f3 d5 4. e5 Nh5 5. Be3 Ng7 6. c4 Nf5 7. Qd2 Be6 8. cxd5
Bxd5 9. Nc3 Nxe3 10. Qxe3 e6 11. Bb5+ c6 12. Bd3 h5 13. Nxd5 cxd5 14. Ne2 Bh6
15. f4 Qb6 16. O-O Nc6 17. h4 Bf8 18. a3 Nxd4 19. Kh1 Nc6 20. Qxb6 axb6 21. Bb5
Be7 22. g3 O-O 23. Rac1 Rfc8 24. Rf3 Na7 25. Ba4 Rxc1+ 26. Nxc1 Rc8 27. Ne2 b5
28. Bb3 b4 29. a4 Nc6 30. Kg2 Bc5 31. Rd3 Na5 32. Kf3 Nxb3 33. Rxb3 Ra8 34. g4
hxg4+ 35. Kxg4 Rxa4 36. h5 gxh5+ 37. Kxh5 Ra1 38. f5 Rh1+ 39. Kg5 Rh2 40. Nf4
Be7+ 41. Kg4 exf5+ 42. Kxf5 Rf2 43. Kg4 Rd2 44. Kf5 b6 45. e6 Bd6 46. Nd3 Re2
47. exf7+ Kxf7 48. Kg5 Re3 49. Kf5 Ke7 50. Kg6 Kd7 51. Kf5 Kc7 52. Kg6 b5 53.
Kf5 Kb6 54. Nc1 Re8 55. Rh3 Re5+ 56. Kf6 Re4 57. Rh5 Bf4 58. Nd3 Kc6 59. Kf5
Bd6 60. Rh6 b3 61. Rg6 Rh4 62. Kg5 Rd4 63. Ne5+ Kc7 64. Rg7+ Kc8 65. Nc6 Rd2
66. Kf6 Bc5 67. Ke6 Rxb2 68. Kxd5 Rc2 69. Rg8+ Kb7 70. Na5+ Kb6 71. Nxb3
1/2-1/2

[Event "4NCL/Div2/GD-IKHH2"]
[Site "Rd3-Birmingham"]
[Date "1999.11.20"]
[Round "3.5"]
[White "Gilbert, Jonathan"]
[Black "Gurr, Lyndon"]
[Result "0-1"]
[WhiteElo "2085"]
[BlackElo "2048"]
[PlyCount "73"]
[EventDate "1999.11.20"]
[Source "Britbase"]
[SourceDate "2000.01.01"]

1. d4 Nf6 2. c4 e6 3. Nc3 c5 4. d5 exd5 5. cxd5 d6 6. e4 g6 7. Bd3 Bg7 8. Nge2
O-O 9. O-O Re8 10. Ng3 Nbd7 11. f4 Qc7 12. a4 c4 13. Bc2 Nc5 14. h3 a6 15. Qf3
Nfd7 16. Be3 Rb8 17. Qf2 b5 18. axb5 axb5 19. e5 b4 20. Nce4 Nxe4 21. Nxe4 dxe5
22. f5 f6 23. Qg3 g5 24. Ba4 Bb7 25. Nxg5 fxg5 26. Bxd7 Qxd7 27. f6 Bxd5 28.
Bxg5 Bf7 29. fxg7 e4 30. Be3 c3 31. bxc3 bxc3 32. Ra7 Rb7 33. Rxb7 Qxb7 34. Qd6
Qb3 35. Qc6 c2 36. Bc1 e3 37. Re1 0-1